| 000 | 00520cam a2200181ua 4500 | ||
|---|---|---|---|
| 001 | 6898 | ||
| 008 | 140307n ii |||gr||||Z||||||asm | ||
| 040 | _cMAIN | ||
| 082 | _a519.5 | ||
| 245 |
_aBanijyik ganit aru parisnkhya bigyan _cBy Surendra nath ghosh |
||
| 250 | _a3rd rev & enl ed. | ||
| 260 |
_aGuwahati: _bStudents stores, _c1992. |
||
| 300 | _ax,258p. | ||
| 653 | _aProbabilities & applied mathematics | ||
| 653 | _aBanijyik ganit aru parisnkhya bigyan | ||
| 700 |
_aGhosh,Surendra nath, _eAuthor. |
||
| 942 | _cBK | ||
| 999 |
_c6044 _d6044 |
||